[Event "Budapest FS11 Development"]
[Site "Budapest"]
[Date "2016.11.09"]
[Round "5"]
[White "Steer, Jozsef"]
[Black "Varga, Boldizsar"]
[Result "1-0"]
[WhiteElo "1863"]
[BlackElo "1576"]
[PlyCount "55"]
[EventDate "2016.11.05"]
[EventType "tourn"]
[EventRounds "9"]
[EventCountry "HUN"]
[SourceTitle "EXT 2025"]
[Source "ChessBase"]
[SourceDate "2024.10.14"]
[SourceVersion "1"]
[SourceVersionDate "2024.10.14"]
[SourceQuality "1"]

1. e4 c5 2. Nf3 Nc6 3. d4 cxd4 4. Nxd4 Nf6 5. Nc3 d6 6. Bc4 e6 7. Bb3 Be7 8. Be3 a6 9. f3 Qc7 10. Qd2 0-0 11. 0-0-0 b5 12. g4 Rd8 13. Qf2 Bd7 14. h4 Na5 15. h5 Nc4 16. g5 Nxe3 17. Qxe3 Ne8 18. g6 Bf6 19. gxf7+ Kxf7 20. f4 Bxd4 21. Qxd4 Qc5 22. Qd3 Qc8 23. f5 Kg8 24. h6 g6 25. fxg6 hxg6 26. e5 d5 27. Qxg6+ Kh8 28. Rdg1 1-0

[Event "Budapest FS11 Development"]
[Site "Budapest"]
[Date "2016.11.06"]
[Round "2"]
[White "Lakat, Gyula"]
[Black "Steer, Jozsef"]
[Result "1/2-1/2"]
[WhiteElo "1735"]
[BlackElo "1863"]
[PlyCount "60"]
[EventDate "2016.11.05"]
[EventType "tourn"]
[EventRounds "9"]
[EventCountry "HUN"]
[SourceTitle "EXT 2025"]
[Source "ChessBase"]
[SourceDate "2024.10.14"]
[SourceVersion "1"]
[SourceVersionDate "2024.10.14"]
[SourceQuality "1"]

1. e4 c6 2. d4 d5 3. exd5 cxd5 4. Nf3 Nf6 5. Bd3 Bg4 6. Nbd2 e6 7. 0-0 Be7 8. c3 0-0 9. h3 Bh5 10. Qc2 Bg6 11. Ne5 Bxd3 12. Qxd3 Nc6 13. Ndf3 Nxe5 14. Nxe5 Bd6 15. Bg5 Be7 16. Bxf6 Bxf6 17. f4 Bxe5 18. fxe5 Rc8 19. Rf3 f5 20. exf6 Rxf6 21. Raf1 Rxf3 22. Qxf3 Qe7 23. a3 a6 24. Qf4 Re8 25. Qe5 Rf8 26. Rxf8+ Kxf8 27. Qf4+ Kg8 28. Kf2 g6 29. Ke3 Kg7 30. h4 h6 1/2-1/2

[Event "Budapest FS07 Development"]
[Site "Budapest"]
[Date "2016.07.10"]
[Round "9"]
[White "Emmer, Adam"]
[Black "Steer, Jozsef"]
[Result "1/2-1/2"]
[WhiteElo "1592"]
[BlackElo "1849"]
[PlyCount "44"]
[EventDate "2016.07.02"]
[EventType "tourn"]
[EventRounds "10"]
[EventCountry "HUN"]
[SourceTitle "EXT 2025"]
[Source "ChessBase"]
[SourceDate "2024.10.14"]
[SourceVersion "1"]
[SourceVersionDate "2024.10.14"]
[SourceQuality "1"]

1. d4 d5 2. c4 c6 3. Nc3 Nf6 4. Nf3 dxc4 5. a4 Bf5 6. e3 Bd3 7. Bxd3 cxd3 8. 0-0 e6 9. Qxd3 Nbd7 10. b3 Be7 11. Rd1 0-0 12. Rb1 Qc7 13. Bb2 Rfd8 14. Ne4 Nxe4 15. Qxe4 Nf6 16. Qc2 Rac8 17. Rbc1 Bb4 18. Ne5 Qe7 19. Nd3 Bd6 20. Nc5 Bxc5 21. dxc5 Rxd1+ 22. Rxd1 Rd8 1/2-1/2

[Event "Budapest FS06 Development"]
[Site "Budapest"]
[Date "2016.06.12"]
[Round "9"]
[White "Steer, Jozsef"]
[Black "Bacsi, Andras"]
[Result "1/2-1/2"]
[WhiteElo "1839"]
[BlackElo "1717"]
[PlyCount "30"]
[EventDate "2016.06.04"]
[EventType "tourn"]
[EventRounds "10"]
[EventCountry "HUN"]
[SourceTitle "EXT 2025"]
[Source "ChessBase"]
[SourceDate "2024.10.14"]
[SourceVersion "1"]
[SourceVersionDate "2024.10.14"]
[SourceQuality "1"]

1. e4 c6 2. d4 d5 3. Nc3 dxe4 4. Nxe4 Bf5 5. Ng3 Bg6 6. h4 h6 7. Nf3 Nd7 8. h5 Bh7 9. Bd3 Bxd3 10. Qxd3 Qc7 11. Bd2 Ngf6 12. 0-0-0 0-0-0 13. Ne4 Nxe4 14. Qxe4 Nf6 15. Qe2 e6 1/2-1/2

[Event "Budapest FS06 Development"]
[Site "Budapest"]
[Date "2016.06.09"]
[Round "6"]
[White "Steer, Jozsef"]
[Black "Oberfrank, Istvan1"]
[Result "1-0"]
[WhiteElo "1839"]
[BlackElo "1709"]
[PlyCount "83"]
[EventDate "2016.06.04"]
[EventType "tourn"]
[EventRounds "10"]
[EventCountry "HUN"]
[SourceTitle "EXT 2025"]
[Source "ChessBase"]
[SourceDate "2024.10.14"]
[SourceVersion "1"]
[SourceVersionDate "2024.10.14"]
[SourceQuality "1"]

1. e4 e6 2. d4 d5 3. Nd2 c5 4. exd5 exd5 5. dxc5 Bxc5 6. Nb3 Bb6 7. Nf3 Nc6 8. Bd3 h6 9. 0-0 Nge7 10. Re1 0-0 11. h3 Nb4 12. Be3 Bxe3 13. Rxe3 Bf5 14. Bxf5 Nxf5 15. Re5 Ne7 16. c3 Nbc6 17. Re1 Qd6 18. Qd2 Rad8 19. Rad1 Qc7 20. Nfd4 Nxd4 21. Nxd4 Rfe8 22. Re3 Ng6 23. Nf5 Rxe3 24. Qxe3 b6 25. Qd4 f6 26. Qg4 Kh7 27. g3 Ne5 28. Qf4 g5 29. Qe3 Kg6 30. Nd4 Qd7 31. Kg2 Re8 32. Re1 Kf7 33. Re2 a6 34. b3 b5 35. g4 Rh8 36. Qg3 h5 37. Nf5 hxg4 38. hxg4 d4 39. cxd4 Qd5+ 40. f3 Nd7 41. Re7+ Kf8 42. Qc7 1-0

[Event "Budapest FS06 Development"]
[Site "Budapest"]
[Date "2016.06.06"]
[Round "3"]
[White "Szlenka, Attila"]
[Black "Steer, Jozsef"]
[Result "0-1"]
[WhiteElo "1797"]
[BlackElo "1839"]
[PlyCount "58"]
[EventDate "2016.06.04"]
[EventType "tourn"]
[EventRounds "10"]
[EventCountry "HUN"]
[SourceTitle "EXT 2025"]
[Source "ChessBase"]
[SourceDate "2024.10.14"]
[SourceVersion "1"]
[SourceVersionDate "2024.10.14"]
[SourceQuality "1"]

1. c4 c5 2. g3 Nc6 3. Bg2 b6 4. Nc3 Bb7 5. d3 Nf6 6. e4 g6 7. Nge2 Bg7 8. 0-0 d6 9. f4 Nd7 10. Be3 Nd4 11. Qd2 Nxe2+ 12. Nxe2 0-0 13. f5 Ne5 14. h3 Qd7 15. Rad1 Nc6 16. g4 Nd4 17. Nxd4 Bxd4 18. Bxd4 cxd4 19. b4 e5 20. f6 Kh8 21. Rf2 b5 22. Rc1 bxc4 23. dxc4 Rac8 24. Qh6 Rg8 25. Rfc2 Qd8 26. g5 Qb6 27. Rb2 d3+ 28. Rf2 Qe3 29. Rcf1 Rxc4 0-1

[Event "Budapest FS06 Development"]
[Site "Budapest"]
[Date "2016.06.04"]
[Round "1"]
[White "Oberfrank, Istvan1"]
[Black "Steer, Jozsef"]
[Result "1/2-1/2"]
[WhiteElo "1709"]
[BlackElo "1839"]
[PlyCount "59"]
[EventDate "2016.06.04"]
[EventType "tourn"]
[EventRounds "10"]
[EventCountry "HUN"]
[SourceTitle "EXT 2025"]
[Source "ChessBase"]
[SourceDate "2024.10.14"]
[SourceVersion "1"]
[SourceVersionDate "2024.10.14"]
[SourceQuality "1"]

1. e4 c6 2. d4 d5 3. Nd2 dxe4 4. Nxe4 Bf5 5. Ng3 Bg6 6. Nf3 Nd7 7. h4 h6 8. h5 Bh7 9. Bd3 Bxd3 10. Qxd3 Qc7 11. Rh4 e6 12. Bf4 Bd6 13. Bxd6 Qxd6 14. Ne4 Qb4+ 15. Nfd2 Ngf6 16. a3 Qe7 17. Qg3 Nxe4 18. Nxe4 0-0 19. 0-0-0 Nf6 20. Nxf6+ Qxf6 21. Rg4 Rad8 22. Rd3 Rd5 23. Rf3 Rf5 24. Rxf5 exf5 25. Rf4 Re8 26. Qf3 g6 27. Kd2 Qe6 28. hxg6 fxg6 29. Qe3 Qxe3+ 30. fxe3 1/2-1/2

[Event "Budapest FS05 Development"]
[Site "Budapest"]
[Date "2016.05.17"]
[Round "9"]
[White "Steer, Jozsef"]
[Black "Szlenka, Attila"]
[Result "1/2-1/2"]
[WhiteElo "1825"]
[BlackElo "1769"]
[PlyCount "93"]
[EventDate "2016.05.07"]
[EventType "tourn"]
[EventRounds "9"]
[EventCountry "HUN"]
[SourceTitle "EXT 2025"]
[Source "ChessBase"]
[SourceDate "2024.10.14"]
[SourceVersion "1"]
[SourceVersionDate "2024.10.14"]
[SourceQuality "1"]

1. e4 Nf6 2. Nc3 d5 3. e5 d4 4. exf6 dxc3 5. fxg7 cxd2+ 6. Qxd2 Qxd2+ 7. Bxd2 Bxg7 8. 0-0-0 Be6 9. a3 Nc6 10. Bb5 0-0-0 11. Bxc6 bxc6 12. Ne2 Rd7 13. Bc3 Bh6+ 14. Kb1 Rhd8 15. Rxd7 Rxd7 16. Nd4 Bd5 17. Rg1 e6 18. g3 Bf8 19. Re1 c5 20. Nb3 c4 21. Nd4 c5 22. Ne2 Bf3 23. Ng1 Bh5 24. f4 Rd1+ 25. Rxd1 Bxd1 26. Kc1 Bh5 27. Kd2 Kd7 28. Ke3 Be7 29. Nf3 Kd6 30. Ne5 Kd5 31. g4 Bg6 32. Nxg6 fxg6 33. h3 a6 34. Bh8 Bd8 35. Bc3 Bc7 36. h4 h5 37. gxh5 gxh5 38. Bf6 Ba5 39. c3 Bc7 40. Bg5 Bd6 41. Bd8 Bf8 42. Bf6 Bh6 43. Kf3 Bf8 44. Ke3 Bd6 45. Kf3 Bc7 46. Ke3 Bd6 47. Kf3 1/2-1/2

[Event "Budapest FS05 Development"]
[Site "Budapest"]
[Date "2016.05.16"]
[Round "8"]
[White "Kaibinger, Karoly"]
[Black "Steer, Jozsef"]
[Result "1/2-1/2"]
[WhiteElo "1861"]
[BlackElo "1825"]
[PlyCount "36"]
[EventDate "2016.05.07"]
[EventType "tourn"]
[EventRounds "9"]
[EventCountry "HUN"]
[SourceTitle "EXT 2025"]
[Source "ChessBase"]
[SourceDate "2024.10.14"]
[SourceVersion "1"]
[SourceVersionDate "2024.10.14"]
[SourceQuality "1"]

1. e4 e5 2. Nf3 Nc6 3. Bb5 a6 4. Ba4 Nf6 5. 0-0 Be7 6. Re1 0-0 7. c3 b5 8. Bb3 d6 9. d4 Bg4 10. d5 Nb8 11. h3 Bh5 12. Nbd2 Nbd7 13. Nf1 Nc5 14. Bc2 Bg6 15. Ng3 Nh5 16. Nxh5 Bxh5 17. Be3 Nd7 18. g4 Bg6 1/2-1/2

[Event "Budapest FS05 Development"]
[Site "Budapest"]
[Date "2016.05.13"]
[Round "6"]
[White "Szurkos, Andras"]
[Black "Steer, Jozsef"]
[Result "0-1"]
[WhiteElo "1639"]
[BlackElo "1825"]
[PlyCount "78"]
[EventDate "2016.05.07"]
[EventType "tourn"]
[EventRounds "9"]
[EventCountry "HUN"]
[SourceTitle "EXT 2025"]
[Source "ChessBase"]
[SourceDate "2024.10.14"]
[SourceVersion "1"]
[SourceVersionDate "2024.10.14"]
[SourceQuality "1"]

1. e4 c5 2. c4 Nc6 3. Nc3 d6 4. h3 Nf6 5. Nf3 e5 6. d3 h6 7. Be2 Be7 8. 0-0 0-0 9. Be3 Be6 10. Nd5 Bxd5 11. cxd5 Nd4 12. Bxd4 cxd4 13. Nd2 Nd7 14. a4 Rc8 15. Nc4 Nb6 16. Bg4 Rb8 17. b3 Nd7 18. a5 Nf6 19. Ra4 Nxg4 20. Qxg4 Qc8 21. Qe2 Qc5 22. Qb2 f5 23. Rc1 Bg5 24. Rc2 Rbc8 25. f3 fxe4 26. fxe4 Qc7 27. Ra1 b5 28. axb6 axb6 29. Kh1 Qb8 30. Ra6 Rf1+ 31. Kh2 b5 32. Rb6 Qa7 33. Rxb5 Qf7 34. g3 Qf3 35. Rg2 Qxd3 36. Nxd6 Rcc1 37. Re2 Rh1+ 38. Kg2 Rcg1+ 39. Kf2 Qxg3# 0-1

[Event "Budapest FS05 Development"]
[Site "Budapest"]
[Date "2016.05.08"]
[Round "2"]
[White "Tatarintsev, Mikhail"]
[Black "Steer, Jozsef"]
[Result "1-0"]
[WhiteElo "1653"]
[BlackElo "1825"]
[PlyCount "61"]
[EventDate "2016.05.07"]
[EventType "tourn"]
[EventRounds "9"]
[EventCountry "HUN"]
[SourceTitle "EXT 2025"]
[Source "ChessBase"]
[SourceDate "2024.10.14"]
[SourceVersion "1"]
[SourceVersionDate "2024.10.14"]
[SourceQuality "1"]

1. e4 c6 2. d4 d5 3. exd5 cxd5 4. c4 Nf6 5. c5 e6 6. Nc3 Be7 7. Bf4 a6 8. Nf3 Nc6 9. a3 0-0 10. Bd3 h6 11. Bc2 Nh5 12. Qd3 f5 13. Be5 Nxe5 14. Nxe5 Nf6 15. 0-0 Ne4 16. Na4 Bd7 17. Nxd7 Qxd7 18. Nb6 Qc7 19. Nxa8 Rxa8 20. f3 Nf6 21. Rfe1 Kf7 22. Qe3 Qd7 23. Rad1 Re8 24. Rd3 Bd8 25. Rb3 Bc7 26. Kh1 Qc6 27. Rb4 Ba5 28. Ba4 Qc8 29. Bxe8+ Nxe8 30. Rxb7+ Qxb7 31. Qxe6+ 1-0